Quizzes
Events
Quiz Creation
Community
Videos
Private Events
Remove Ads
Sign In
Join for FREE
Feedback
Dark Mode
Quiz Categories
Sports
Geography
Music
Movies
Television
Just For Fun
Miscellaneous
History
Literature
Language
Science
Gaming
Entertainment
Religion
Holiday
For Kids
Quiz Lab
Recent
Popular Today
Quiz Kudos Today
Editor Picks
Curator Picks
Quizzes by...
Day
Popularity
Type
Ratings
Length
Year
Community
Subscriptions
Recent Discussions
Orange Saloon
Badges
Playlists
Quests
Create
Leaderboards
Showdown
Live 5
Trivia Bingo
Activity
Puzzle Library
Sporcle Events
Private Events
Virtual Trivia
Globe League
Become a Host
Pub Owners
SporcleCon
Opinionation
Our Games
Videos
Blog
Mobile Apps
Partnerships
Remove Ads and Go Orange
Feedback
Science
Computer
Plants
Astronomy
Chemistry
Elements
Math
Animal
Physics
Anatomy
Biology
Geology
General Science
Science
Computer
Plants
Astronomy
Chemistry
Elements
Math
Animal
Physics
Anatomy
Biology
Geology
General Science
Random Quiz
Search Sporcle
×
Quiz Lab
Quiz Lab
Science
Clickable
Select answers by clicking on text or image buttons
Select answers by clicking on text or image buttons
Clickable
Best Score? Go Orange.
Match these attachment key terms Stats
Can you pick the Match these attachment key terms?
By
tdmorgan99
10m
25 Questions
13 Plays
13 Plays
13 Plays
Comments
Comments
Give Quiz Kudos
Give Quiz Kudos
-
- Ratings
hide this ad
Forced Order
Answers have to be entered in order
Answers have to be entered in order
Random Order
Randomize order of answers
Randomize order of answers
Replay
Link that replays current quiz
Next Quiz
Link to next quiz in quiz playlist
You Got
0%
They Got
Avg Score
38%
Avg Friend Score
Upgrade to see
Score Distribution
Jump to the score distribution portion of the page
Score
0/25
Timer
10:00
0
Plays Today
% Correct
Young infants copying adults facial expressions
76.9%
Skin to skin contact directly after birth
69.2%
Distinctive language demonstrated by adults sing-songy communication with infants
69.2%
If attachment doesn't occur before 1 it would not happen
69.2%
When a parent responds appropriately to the child's signals
61.5%
Recognising another animal, person, or thing as a parent
61.5%
Multiple attachments
53.8%
Children learn to become attached to their caregiver because they give them food
53.8%
Learning by association
53.8%
A place dedicated to a task, such as looking after children
46.2%
An emotional bond between 2 people in which each seeks closeness and feels more secure
46.2%
Babies coordinate their actions in time with adult speech
38.5%
Learning by reinforcement
38.5%
% Correct
Continued separation from main caregiver
38.5%
Socialable towards anyone
30.8%
Strong attachment to 1 individual
30.8%
Lack of an attachment bond
30.8%
Ambivalent, remains close to mother, resists stranger
23.1%
A place dedicated to a task, such as looking after children
23.1%
Describes how 2 people interact
15.4%
No preference for particular person
15.4%
Lack of affection, inability to form relationships
15.4%
Caregiver-infant interaction relationship sets pattern for future relationships
0%
Mother used as secure base, seperation anxiety
0%
Avoids both stranger and mother
0%
Quiz Playlist
Details
Report
Send in Message
Add To Playlist
Clickable:
Select answers by clicking on text or image buttons
Forced Order:
Answers have to be entered in order
Random Order:
Randomize order of answers
Last Updated: May 30, 2017
Quiz Scoreboard
CHALLENGE
Sign Up to Join the Scoreboard
Show All
Scores
Hide
Comments
May contain spoilers
Recently Published
College Basketball Coaching Resumes
by pancakes188
Sports
9m
Billboard Blitz: Fleetwood Mac
by CooCooCachoo
Music
15s
Presidents Visiting Landmarks
by Hejman
History
7m
More to Explore
Quiz From the Vault
Featured Blog Post
Where Did the Easter Bunny Come From?
hide this ad
You Might Also Like...
Tags
Clickable Quiz
attachment
Key
Term
Today's Top Quizzes in Science
Browse Science
hide this ad
Today's Top Quizzes in Clickable
Browse Clickable
Top Contributed Quizzes in Science
1
Quick Pick: Radians
2
Quick Pick: 'CI-CJ' Animals
3
The First 100 Digits of Pi
4
Elements In Images
5
One Thing in Common: Science
6
Science Jokes
7
One Thing in Common: Science II
8
Name the Acid, Base or Salt
9
One Thing in Common: Animals
10
One Thing in Common: Science III
Explore More
Trending Topics
Marvel
Anime
Kpop
Disney
NBA
Harry Potter
Crossword
NFL
Soccer
The Office
Country
WWE
Pokémon
Song
Puzzle
hide this ad
More By:
tdmorgan99
Quiz
Plays
Rating
Category
Featured
Created
american pie lyrics
2,518
2.63
Music
Mar 3, 2017
Biopsychology key terms
582
5.00
Science
May 21, 2017
Can you name these celebrities from their eyes?
113
Entertainment
May 17, 2017
What year did this occur?
88
5.00
History
Mar 18, 2017
Match the cars
69
5.00
Miscellaneous
Nov 12, 2017
Go to Creator's Profile
Score Distribution
Quiz Creator Spotlight
tdmorgan99
Follow
Send a Message
Quizzes Created
-
Created Quiz Play Count
-
More By This Creator
Popular Quizzes Today
1
Find the US States - No Outlines Minefield
2
Find the Countries of Europe - No Outlines Minefield
3
The Countries of the World
4
Find the US States
5
Risky Map Clicking: Biggest States A-Z
6
US States
7
Popular People in 1961
8
Movies - When Are They Set?
More Science Quizzes
Renewable Energy Minefield (United States)
Curator's Pick
Trending Quizzes
Risky Map Clicking: Least Populous States A-Z
1-10 Letter G Words
1-10 Letter F Words
Risky Map Clicking: Next State Alphabetically
Adjectives in 80s TV Shows
Recently Updated
Leaping Animals
pecheneg
Reality TV Shows (A-Z)
bhenderson79
Rickey Henderson's Hall of Fame Teammates
pecheneg
Champions League XIs: Arsenal
pecheneg
Quick Pick: Celebrities in WWE's Hall of Fame
aduchscher
A-Z Keypad Blitz II
pecheneg
Multiple Oscar Actors
pecheneg
Mystery Phrase Blitz: Oscar 'Best Actors'
pecheneg
F. Scott Fitzgerald Novels
LTH
Pick 3 Villains
ddd62291
Trending Topics
Anime
Marvel
Disney
NBA
Harry Potter
Crossword
Kpop
WWE
The Office
Soccer
NFL
Puzzle
Song
Country
Pokémon
Your Account Isn't Verified!
In order to create a playlist on Sporcle, you need to verify the email address you used during registration. Go to your
Sporcle Settings
to finish the process.
Report this User
Report this user for behavior that violates our
Community Guidelines
.
Details:
Send Report
Go to the Sporcle.com Mobile Site →
Comments